00930 a2200181 45000010006000000050017000060080041000230030015000640400040000790800103001192450096002220200018003182640032003363000019003685050330003870410008007171000023007253625420260407155638.0260407a1994 arg spa dAR-UNSa-BCEJYS aAR-UNSa-BCEJYSbspacAR-UNSa-BCEJYS a658.012.123xModelos de decisión. Diagramas de decisión. Árboles de decisión (Cursogramas)10aAnálisis de decisionesptécnicas de situaciones aplicables a directivos y profesionales a84-481-0189-8 1aMadrid :bMcGraw-Hillc1994 a237 p.c24 cm. a1. Introducción - 2. Características del decisor humano - 3. Decisiones en grupo - 4. El papel de la creatividad - 5. Resolución de problemas - 6. Estructuración - 7. Valoración( decisiones sin incertidumbre) - 8. Valoración ( decisiones con incertidumbre) - 9. Fase de resolución - 10. Ayudas a la decisión.  aspa1 aLeón, Orfelio G.